000 00962nam a22002297a 4500
003 NALT
005 20260310130137.0
008 s2558 th tha d
020 _a9786163760111
040 _aNALT
041 _atha
050 _aDS 578.32
_bป161ร 2558
100 0 _aปนัดดา ดิศกุล,
_cม.ล.
_936733
245 1 0 _aเรื่องเล่าจากวังวรดิศ /
_cหม่อมหลวงปนัดดา ดิศกุล.
260 _aกรุงเทพฯ :
_bดีเอ็มจี,
_c2558.
300 _a208 หน้า :
_bภาพประกอบ ;
_c21 ซม.
600 0 4 _aดำรงราชานุภาพ,
_cสมเด็จพระเจ้าบรมวงศ์เธอ กรมพระยา,
_d2405-2486
_922248
610 2 4 _aวังวรดิศ
_936734
850 _aNALT
942 _cGB
_2lcc
996 _asaiphon.d
_bCATSTF
_c2026-03-10
999 _c74774
_d74774
998 _j104
_k นางสาวสายฝน ดีงาม